Gringo Chapín: seven perspectives on being Guatemalan-American /

Gespeichert in:
Bibliographische Detailangaben
1. Verfasser: Barillas, William
Format: Text
Schlagworte:
Tags: Tag hinzufügen
Keine Tags, Fügen Sie den ersten Tag hinzu!

MARC

LEADER 00000 a a2200000 04500
001 4962
003
040
100 |a Barillas, William  
245 |a Gringo Chapín:   |b seven perspectives on being Guatemalan-American /  |c William Barillas 
650 |a IDENTIDAD  
650 |a INTEGRACION SOCIAL  
650 |a INMIGRACION  
773 |g número 8 Spring; páginas79-82  
999 |c 28389  |d 28389